<?xml version="1.0" encoding="UTF-8"?>
<record
    xmlns:xsi="http://www.w3.org/2001/XMLSchema-instance"
    xsi:schemaLocation="http://www.loc.gov/MARC21/slim http://www.loc.gov/standards/marcxml/schema/MARC21slim.xsd"
    xmlns="http://www.loc.gov/MARC21/slim">

  <leader>00793nas a22002177a 4500</leader>
  <datafield tag="999" ind1=" " ind2=" ">
    <subfield code="c">6554</subfield>
    <subfield code="d">6554</subfield>
  </datafield>
  <controlfield tag="003">OSt</controlfield>
  <controlfield tag="005">20181016133059.0</controlfield>
  <controlfield tag="008">130703c1961    f  ||||| |||| 00| 0 fre d</controlfield>
  <datafield tag="022" ind1=" " ind2=" ">
    <subfield code="a">0588-8018</subfield>
  </datafield>
  <datafield tag="040" ind1=" " ind2=" ">
    <subfield code="c">CDMR</subfield>
    <subfield code="b">cat</subfield>
  </datafield>
  <datafield tag="245" ind1="0" ind2="0">
    <subfield code="a">Communications</subfield>
    <subfield code="c">&#xC9;cole des hautes &#xE9;tudes en sciences sociales - Centre Edgar Morin</subfield>
  </datafield>
  <datafield tag="260" ind1=" " ind2=" ">
    <subfield code="a">Paris</subfield>
    <subfield code="b">Seuil</subfield>
    <subfield code="c">1961-</subfield>
  </datafield>
  <datafield tag="300" ind1=" " ind2=" ">
    <subfield code="a">v.</subfield>
  </datafield>
  <datafield tag="310" ind1=" " ind2=" ">
    <subfield code="a">Semestral</subfield>
  </datafield>
  <datafield tag="362" ind1=" " ind2=" ">
    <subfield code="a">No 1 (1961) -</subfield>
  </datafield>
  <datafield tag="650" ind1="0" ind2="4">
    <subfield code="9">1460</subfield>
    <subfield code="a">Sociologia de la comunicaci&#xF3;</subfield>
  </datafield>
  <datafield tag="710" ind1="2" ind2=" ">
    <subfield code="9">3912</subfield>
    <subfield code="a">Centre national de la recherche scientifique</subfield>
    <subfield code="b"> -- Institut interdisciplinaire d&#x2019;anthropologie du contemporain</subfield>
  </datafield>
  <datafield tag="710" ind1="2" ind2=" ">
    <subfield code="9">3911</subfield>
    <subfield code="a">&#xC9;cole des hautes &#xE9;tudes en sciences sociales</subfield>
  </datafield>
  <datafield tag="856" ind1="4" ind2="0">
    <subfield code="u">http://www.persee.fr/web/revues/home/prescript/revue/comm</subfield>
    <subfield code="y">Disponible en l&#xED;nia</subfield>
  </datafield>
  <datafield tag="856" ind1="4" ind2="0">
    <subfield code="u">https://dialnet.unirioja.es/ejemplar/398639</subfield>
    <subfield code="y">Disponibles en l&#xED;nia n&#xFA;m. 1 (1961) - n&#xFA;m. 93 (2013)</subfield>
  </datafield>
  <datafield tag="942" ind1=" " ind2=" ">
    <subfield code="2">udc</subfield>
    <subfield code="c">SER</subfield>
    <subfield code="s">1</subfield>
  </datafield>
  <datafield tag="952" ind1=" " ind2=" ">
    <subfield code="0">0</subfield>
    <subfield code="1">0</subfield>
    <subfield code="4">0</subfield>
    <subfield code="7">0</subfield>
    <subfield code="a">CDMR</subfield>
    <subfield code="b">CDMR</subfield>
    <subfield code="d">2013-01-16</subfield>
    <subfield code="h">N&#xFA;m. 68 (1999) - n&#xFA;m. 86 (2010) / n&#xFA;m. 90 (2012) -</subfield>
    <subfield code="l">0</subfield>
    <subfield code="r">2013-07-03</subfield>
    <subfield code="w">2013-07-03</subfield>
    <subfield code="y">SER</subfield>
  </datafield>
</record>
